000 00481nam a2200181 i 4500
001 42914
003 ES-MaACL
005 20240211063456.0
007 t|
008 030314s1911 po ||||1| por d
100 1 _aCastro, Eugenio de,
_d1869-1944
_936850
245 1 0 _aSilva
_b: (poemas) /
_cEugenio de Castro.
250 _a2ยช ed.
260 _aPorto :
_b[Progreso],
_c1911.
300 _a114 p. ;
_c25 cm.
852 _aES-MaACL
_jF-4214
999 _c42914
_d42914